| 000 | 00731cam a22002533a 4500 | ||
|---|---|---|---|
| 001 | 36309 | ||
| 003 | PGUSA | ||
| 005 | 20140828083802.0 | ||
| 008 | 110603s2011||||xxu|||||s|||||000 1 eng d | ||
| 040 |
_aPGUSA _beng |
||
| 042 | _adc | ||
| 050 | 4 | _aPZ | |
| 100 | 1 |
_aKingsley, Charles, _d1819-1875 |
|
| 245 | 1 | 4 |
_aThe Water-Babies _h[electronic resource] / _cCharles Kingsley |
| 260 |
_bProject Gutenberg, _c2011 |
||
| 506 | _aPublic domain in the USA. | ||
| 516 | _aElectronic text | ||
| 653 | _aFairy tales -- England | ||
| 653 | _aChimney sweeps -- Juvenile fiction | ||
| 700 | 1 |
_aSmith, Jessie Willcox, _d1863-1935 |
|
| 830 | 0 |
_aProject Gutenberg _v36309 |
|
| 856 | 4 | 0 | _uhttp://www.gutenberg.org/ebooks/36309 |
| 942 | _cEB | ||
| 999 |
_c265564 _d265564 |
||